Paul the ancient letter writer : (Record no. 8576)
[ view plain ]
| 000 -LEADER | |
|---|---|
| fixed length control field | 01769nam a22002537a 4500 |
| 003 - CONTROL NUMBER IDENTIFIER | |
| control field | GBCCL |
| 005 - DATE AND TIME OF LATEST TRANSACTION | |
| control field | 20241126110653.0 |
| 008 - FIXED-LENGTH DATA ELEMENTS--GENERAL INFORMATION | |
| fixed length control field | 210413b ||||| |||| 00| 0 eng d |
| 020 ## - INTERNATIONAL STANDARD BOOK NUMBER | |
| International Standard Book Number | 9781493405794 |
| 020 ## - INTERNATIONAL STANDARD BOOK NUMBER | |
| International Standard Book Number | 9780801097515 |
| 020 ## - INTERNATIONAL STANDARD BOOK NUMBER | |
| International Standard Book Number | 1493405799 |
| 040 ## - CATALOGING SOURCE | |
| Transcribing agency | GBC |
| 082 ## - DEWEY DECIMAL CLASSIFICATION NUMBER | |
| Classification number | 227.066 |
| Item number | WEI |
| 100 ## - MAIN ENTRY--PERSONAL NAME | |
| Personal name | Weima, Jeffrey A D |
| 9 (RLIN) | 15121 |
| 245 ## - TITLE STATEMENT | |
| Title | Paul the ancient letter writer : |
| Remainder of title | an introduction to epistolary analysis / |
| Statement of responsibility, etc. | Jeffrey A D Weima |
| 260 ## - PUBLICATION, DISTRIBUTION, ETC. | |
| Place of publication, distribution, etc. | Grand Rapids, MI : |
| Name of publisher, distributor, etc. | Baker Academic, |
| Date of publication, distribution, etc. | [2016] |
| 300 ## - PHYSICAL DESCRIPTION | |
| Extent | xv, 267 pages : |
| Other physical details | illustrations |
| 505 ## - FORMATTED CONTENTS NOTE | |
| Formatted contents note | This clear and user-friendly introduction to the interpretive method called "epistolary analysis" shows how focusing on the form and function of Paul's letters yields valuable insights into the apostle's purpose and meaning. The author helps readers interpret Paul's letters properly by paying close attention to the apostle's use of ancient letter-writing conventions. Paul is an extremely skilled letter writer who deliberately adapts or expands traditional epistolary forms so that his persuasive purposes are enhanced. This is an ideal supplemental textbook for courses on Paul or the New Testament. It contains numerous analyses of key Pauline texts, including a final chapter analyzing the apostle's Letter to Philemon as a "test case" to demonstrate the benefits of this interpretive approach. |
| 505 ## - FORMATTED CONTENTS NOTE | |
| Formatted contents note | Introduction --<br/>The opening --<br/>The thanksgiving --<br/>The body --<br/>The closing --<br/>Epistolary analysis in practice: the test case of Philemon. |
| 650 ## - SUBJECT ADDED ENTRY--TOPICAL TERM | |
| Topical term or geographic name entry element | Bible. |
| Form subdivision | Epistles of Paul |
| General subdivision | Criticism, interpretation, etc. |
| 9 (RLIN) | 14827 |
| 650 ## - SUBJECT ADDED ENTRY--TOPICAL TERM | |
| Topical term or geographic name entry element | Paul, |
| Form subdivision | the Apostle, Saint. |
| 9 (RLIN) | 14810 |
| 650 ## - SUBJECT ADDED ENTRY--TOPICAL TERM | |
| Topical term or geographic name entry element | RELIGION |
| Form subdivision | Biblical Criticism & Interpretation |
| General subdivision | New Testament. |
| 9 (RLIN) | 15122 |
| 942 ## - ADDED ENTRY ELEMENTS (KOHA) | |
| Source of classification or shelving scheme | Dewey Decimal Classification |
| Koha item type | Books |
| Withdrawn status | Lost status | Source of classification or shelving scheme | Damaged status | Not for loan | Home library | Current Library | Shelving location | Date acquired | Total checkouts | Full call number | Barcode | Date last seen | Date last checked out | Copy number | Price effective from | Koha item type |
|---|---|---|---|---|---|---|---|---|---|---|---|---|---|---|---|---|
| Dewey Decimal Classification | GRACE BIBLE COLLEGE | GRACE BIBLE COLLEGE | Biblical Studies | 2021-04-13 | 1 | 227.066 WEI | 020217 | 2025-08-18 | 2025-08-14 | c.1 | 2021-04-13 | Books | ||||
| Dewey Decimal Classification | GRACE BIBLE COLLEGE | GRACE BIBLE COLLEGE | Biblical Studies | 2023-09-18 | 1 | 227.066 WEI | 020532 | 2025-05-01 | 2025-02-12 | c.2 | 2023-09-18 | Books |